Estatutuos y reglamento para su ejecución de la Sociedad Económica de Amigos del País de Montilla / (Record no. 182480)

MARC details
000 -LEADER
campo de control de longitud fija 00526nam a2200145 i 4500
001 - NÚMERO DE CONTROL
campo de control 182480
003 - IDENTIFICADOR DE NÚMERO DE CONTROL
campo de control ES-MaACL
005 - FECHA Y HORA DE LA ÚLTIMA TRANSACCIÓN
campo de control 20230906221624.0
008 - DATOS DE LONGITUD FIJA--INFORMACIÓN GENERAL
campo de control de longitud fija 130826s1881 sp |||| | spa d
110 2# - ENTRADA PRINCIPAL--NOMBRE DE ENTIDAD CORPORATIVA
Nombre de entidad corporativa o nombre de jurisdicción como elemento de entrada Sociedad Económica de Amigos del País (Montilla)
9 (RLIN) 153318
245 10 - MENCIÓN DEL TÍTULO
Título Estatutuos y reglamento para su ejecución de la Sociedad Económica de Amigos del País de Montilla /
Mención de responsabilidad, etc. .
260 ## - PUBLICACIÓN, DISTRIBUCIÓN, ETC.
Lugar de publicación, distribución, etc. [S.l. :
Nombre del editor, distribuidor, etc. s.n.,
Fecha de publicación, distribución, etc. 1881] (
Fabricante Imp. y Lit. del diario de Córdoba)
300 ## - DESCRIPCIÓN FÍSICA
Extensión 18 p. ;
Dimensiones 20 cm.
852 ## - LOCALIZACIÓN
Ubicación ES-MaACL
Número de control de estantería T-360-F-23
Holdings
Estatus retirado Estado de pérdida Estado de daño No para préstamo Colección Biblioteca de origen Biblioteca actual Ubicación en estantería Fecha de adquisición Fuente de adquisición Total de préstamos Signatura topográfica completa Código de barras Visto por última vez Precio de reemplazo Tipo de ítem Koha
        Colección de folletos Biblioteca del Ateneo de Madrid Biblioteca del Ateneo de Madrid Depósito folletos 26/08/2013     T-360-F-23 1191767 23/02/2023 23/02/2023 Folleto